000 00708nam a2200253 a 4500
001 BRCA_365
005 20190320202958.0
008 830916s1984 ja a b 001 0 eng
020 _a0870116487
040 _aDLC
_cDLC
_dDLC
041 _aengjpn
050 4 _aSB458
_b.I83 1984
100 1 _aItoh, Teiji, 1922
_d1922-
_91230
245 1 0 _aThe Gardens of Japan
_ctext by Teiji Itoh
260 _aTokio
260 _aNueva York
_bKodansha International
_c1984
300 _a228 p.
_bil. (algunas a color)
_c37 cm.
500 _aDonación Fundación Japón
504 _aBibliografía: p. 225.
650 1 4 _aJardines japoneses
_91231
650 1 4 _aJardines
_zJapón
_91232
902 _aDFJ
942 _2lcc
_cB
999 _c302
_d302